| 000 | 00419cam a2200169ua 4500 | ||
|---|---|---|---|
| 001 | 469 | ||
| 008 | 110406n ii |||gr||||Z||||||eng | ||
| 040 | _cMAIN | ||
| 245 | 1 |
_aHarold J. laski _cby Ram Chandra Gupta |
|
| 250 | _a1st. | ||
| 260 |
_aAgra: _bRam prasad and sons,966. |
||
| 300 | _e324.2092. | ||
| 653 | _aPolitical science | ||
| 653 | _aHarold J. Laski | ||
| 700 |
_aGupta, Ram Chandra., _eAuthor. |
||
| 942 | _cBK | ||
| 999 |
_c411 _d411 |
||